Principles of Administrative Law (Record no. 1311898)

MARC details
000 -LEADER
fixed length control field 00579nam a2200241Ia 4500
005 - DATE AND TIME OF LATEST TRANSACTION
control field 20250506172757.0
008 - FIXED-LENGTH DATA ELEMENTS--GENERAL INFORMATION
fixed length control field 008 250505s9999 xx 000 0 eng d
020 ## - INTERNATIONAL STANDARD BOOK NUMBER
International Standard Book Number 9788119403141
037 ## - SOURCE OF ACQUISITION
Stock number TB
040 ## - CATALOGING SOURCE
Original cataloging agency ILCL
Language of cataloging eng
Transcribing agency ILCL
041 ## - LANGUAGE CODE
Language code of text/sound track or separate title eng
Source of code eng
082 ## - DEWEY DECIMAL CLASSIFICATION NUMBER
Assigning agency ILCL
084 ## - COLON CLASSIFICATION NUMBER
Classification number Z2,9298 R4
100 ## - MAIN ENTRY--PERSONAL NAME
Personal name Jain, M P
245 #0 - TITLE STATEMENT
Title Principles of Administrative Law
250 ## - EDITION STATEMENT
Edition statement 8
260 ## - PUBLICATION, DISTRIBUTION, ETC.
Place of publication, distribution, etc. Haryana
Name of publisher, distributor, etc. Lexis Nexis
Date of publication, distribution, etc. 2024
300 ## - PHYSICAL DESCRIPTION
Extent cxciv,1123p.
365 ## - TRADE PRICE
Price type code INR
700 ## - ADDED ENTRY--PERSONAL NAME
Personal name Jain, S N
942 ## - ADDED ENTRY ELEMENTS (KOHA)
Koha item type Textbook
Source of classification or shelving scheme
Holdings
Withdrawn status Lost status Damaged status Not for loan Home library Current library Date acquired Source of acquisition Cost, normal purchase price Inventory number Total Checkouts Full call number Barcode Date last seen Date last checked out Price effective from Koha item type
        Integrated Law Course library Integrated Law Course library 7-03-24 Apple Books 1995.00 010 dt. 03-07-2024 4 Z2,9298 R4 IL1863058 2026-04-15 2026-03-28 2025-05-06 Textbook
Copyright @ Delhi University Library System